| 000 | 01171cam a2200265 i 4500 | ||
|---|---|---|---|
| 003 | EG-ScBUE | ||
| 005 | 20231121141148.0 | ||
| 008 | 100622s1990 u f b 000 0 ara d | ||
| 017 | _a1990 / 2340 | ||
| 040 |
_aEG-ScBUE _bara _erda _cEG-ScBUE _dEG-ScBUE |
||
| 082 | 0 | 4 |
_222 _a909.09767 _bك و ث |
| 100 | 1 |
_97965 _aكوثراني، وجيه، _eمؤلف. |
|
| 245 | 1 | 2 |
_aالفقيه والسلطان : _bدراسة في تجربتين تاريخيتين : العثمانية والصفوية- القاجارية / _cد. وجيه كوثراني. |
| 264 | 1 |
_aالقاهرة : _bالمركز العربي الدولي للنشر والترجمة، _c[1990] |
|
| 300 |
_a212 صفحة ؛ _c24 سم |
||
| 336 |
_2rdacontent _aنص _btxt |
||
| 337 |
_aبدون وسيط _2rdamedia _bn |
||
| 338 |
_aمجلد _bnc _2rdacarrier |
||
| 504 | _aيشتمل على إرجاعات ببليوجرافية. | ||
| 541 |
_aعلاء عبد الغنى ؛ _cإهداء ؛ |
||
| 651 | 7 |
_2BUEsh _aإيران _xتاريخ _yالدولة الصفوية. |
|
| 651 | 7 |
_2BUEsh _aالإمبراطورية العثمانية _xتاريخ. |
|
| 655 | _vReading book | ||
| 942 |
_2ddc _cBB |
||
| 999 |
_c14165 _d14165 |
||